000 00437nam a2200121Ia 4500
008 220615s9999||||xx |||||||||||||| ||und||
245 0 _aLiquid Crystals and Display Technology
546 _aEnglish[eng]
650 _aCondensed matter physics (liquid state & solid state physics)
700 _aSasani Ghamsari, Morteza||Carlescu, Irina
856 _uhttps://mts.intechopen.com/storage/books/7965/authors_book/authors_book.pdf
942 _cEB
999 _c9230
_d9230